Datum a čas kvízu
37.5
Celkem bodů
Celkový počet nahraných bodů na tomto kvízu bez doplňovacích otázek.
6.
Pořadí na kvízu
Konečné umístění týmu na tomto kvízu.
Zaznamenané odpovědi
# | Otázka | Odpověď | Body | Výsledky |
---|---|---|---|---|
1. | Jedinou ženou zvolenou v pátek... | Žídková | 1 | |
2. | Po téměř šestileté přestávce s... | Victoria’s Secret | 1 | |
3. | Na úterním pražském koncertu d... | Jonas Brothers | 0 | |
4. | Ve které evropské metropoli se... | v Paříži | 0 | |
5. | Ve kterém sportu na sebe minul... | v šipkách | 0 | |
6. | Tentokrát se v gastronomickém... | konvektomat | 1 | |
7. | Napište dvě slova pocházející... | sous-vide | 1 | |
8. | Nyní se podíváme na symboly, k... | č. 5 | 1 | |
9. | Napište značku nádobí, kterou... | Remoska | 1 | |
10. | Tento nástroj je používán při... | ústřice | 1 |